000 01176nam a2200253 a 4500
001 000003876
003 DO-SdBNP
005 20220926100932.0
007 ta
008 090714s2001 dr a 001 0 spa d
020 _a9993483222
040 _aDO-SdBNP
_bspa
_cBNPHU
082 4 _a352.283
_bP221
_222
245 1 0 _aPara hacer avanzar la descentralización :
_bpropuestas de la sociedad civil para descentralizar el estado dominicano.
260 _aSanto Domingo :
_bBúho,
_c2001.
300 _a140 p. :
_bil. ;
_c24 cm.
500 _aIncluye índice
505 2 _aMarco legal-institucional de la descentralización en la República Dominicana / Moraima Isabel Veras -- Perspectivas de descentralización en el sistema educativo dominicano / Nicolás Guevara -- La descentralización del sector salud en la República Dominicana / Carmen Adames -- Propuestas motorizantes para impulsar la descentralización municipal en la República Dominicana / Franklin Díaz
590 _aInventariado, 2022 / DG
650 4 _aDescentralización administrativa
_zRepública Dominicana
_93012
650 4 _aDescentralización de escuelas
_911701
910 _aDG
942 _2ddc
_cLBS1
999 _c3698
_d3698